[Event "Klatov Bazar Besiny Cup 2018"]
[Site "Klatovy"]
[Date "2018.07.04"]
[Round "5"]
[White "Hurdzan, Tomas"]
[Black "Bures, Jaroslav"]
[Result "0-1"]
[WhiteElo "2164"]
[BlackElo "2406"]
[Annotator "ChessBase"]
[PlyCount "64"]
[EventDate "2018.07.01"]
[EventType "swiss"]
[EventCountry "CZE"]
[SourceTitle "playchess.com"]
[Source "ChessBase"]
[SourceQuality "1"]
[TimeControl "40/7200:0"]

1. e4 {[%emt 0:00:00]} c5 {[%emt 0:03:14]} 2. Nc3 {[%emt 0:00:00]} e6 {[%emt 0:01:55]} 3. Nf3 {[%emt 0:00:00]} Nc6 {[%emt 0:00:17]} 4. d4 {[%emt 0:00:00]} cxd4 {[%emt 0:00:10]} 5. Nxd4 {[%emt 0:00:00]} a6 {[%emt 0:00:15]} 6. Be3 {[%emt 0:00:00]} Qc7 {[%emt 0:02:01]} 7. Qf3 {[%emt 0:02:26]} Nf6 {[%emt 0:00:00]} 8. O-O-O {[%emt 0:00:44]} h5 {[%emt 0:00:00]} 9. h3 {[%emt 0:13:32]} Ne5 {[%emt 0:00:00]} 10. Qe2 {[%emt 0:00:56]} Ng6 {[%emt 0:00:00]} 11. g3 {[%emt 0:02:45]} Bb4 {[%emt 0:06:46]} 12. Bd2 {[%emt 0:01:53]} h4 {[%emt 0:02:09]} 13. Qe1 {[%emt 0:06:30]} hxg3 {[%emt 0:14:07]} 14. fxg3 {[%emt 0:00:00]} b5 {[%emt 0:00:33]} 15. Bd3 {[%emt 0:14:43]} Bb7 {[%emt 0:01:27]} 16. g4 {[%emt 0:13:24]} Bxc3 {[%emt 0:01:20]} 17. Bxc3 {[%emt 0:02:21]} Nxe4 {[%emt 0:03:31]} 18. Ba5 {[%emt 0:14:05]} Qe5 {[%emt 0:26:43]} 19. Ne2 {[%emt 0:05:02]} Rc8 {[%emt 0:02:21]} 20. Kb1 {[%emt 0:03:52]} Nf6 {[%emt 0:10:27]} 21. Rf1 {[%emt 0:07:11]} Rxh3 {[%emt 0:00:00]} 22. Bxg6 {[%emt 0:02:20]} fxg6 {[%emt 0:00:00]} 23. Bc3 {[%emt 0:02:50]} Qg5 {[%emt 0:08:39]} 24. Nf4 {[%emt 0:08:09]} Rhxc3 {[%emt 0:00:00]} 25. Nxe6 {[%emt 0:02:29]} Qe3 {[%emt 0:07:50]} 26. Nxg7+ {[%emt 0:00:00]} Kf7 {[%emt 0:01:55]} 27. Qh4 {[%emt 0:04:43]} Bf3 {[%emt 0:02:08]} 28. bxc3 {[%emt 0:00:00]} Qxc3 {[%emt 0:01:13]} 29. g5 {[%emt 0:03:09]} Qxc2+ {[%emt 0:02:24]} 30. Ka1 {[%emt 0:00:00]} Qc3+ {[%emt 0:00:56]} 31. Kb1 {[%emt 0:00:00]} Bxd1 {[%emt 0:00:00]} 32. Rxf6+ {[%emt 0:00:00]} Kg8 {[%emt 0:00:00]} 0-1

[Event "Klatov Bazar Besiny Cup 2018"]
[Site "Klatovy"]
[Date "2018.07.04"]
[Round "5"]
[White "Kotal, Vaclav"]
[Black "Jurek, Josef"]
[Result "1-0"]
[WhiteElo "2101"]
[BlackElo "2277"]
[Annotator "NA"]
[PlyCount "49"]
[EventDate "2018.07.01"]
[EventType "swiss"]
[EventCountry "CZE"]
[SourceTitle "playchess.com"]
[Source "ChessBase"]
[SourceQuality "1"]
[TimeControl "40/7200:0"]

1. d4 {[%emt 0:00:00]} Nf6 {[%emt 0:00:00]} 2. c4 {[%emt 0:00:00]} e6 {[%emt 0:00:23]} 3. Nc3 {[%emt 0:00:00]} Bb4 {[%emt 0:00:00]} 4. g3 {[%emt 0:00:00]} c5 {[%emt 0:02:13]} 5. Nf3 {[%emt 0:00:00]} O-O {[%emt 0:02:58]} 6. Bg2 {[%emt 0:00:00]} d5 {[%emt 0:01:19]} 7. dxc5 {[%emt 0:00:18]} dxc4 {[%emt 0:05:27]} 8. O-O {[%emt 0:00:53]} Nc6 {[%emt 0:02:47]} 9. Qa4 {[%emt 0:07:23]} Qa5 {[%emt 0:02:48]} 10. Qxa5 {[%emt 0:02:02]} Nxa5 {[%emt 0:00:56]} 11. Be3 {[%emt 0:05:46]} Ng4 {[%emt 0:05:36]} 12. Bd4 {[%emt 0:03:14]} Nc6 {[%emt 0:03:13]} 13. a3 {[%emt 0:03:26]} Ba5 {[%emt 0:04:37]} 14. Ne4 {[%emt 0:04:44]} Nxd4 {[%emt 0:11:17]} 15. Nxd4 {[%emt 0:00:00]} Ne5 {[%emt 0:11:06]} 16. Nd6 {[%emt 0:04:37]} Rb8 {[%emt 0:03:42]} 17. f4 {[%emt 0:02:52]} Bd2 {[%emt 0:02:00]} 18. Nc2 {[%emt 0:05:12]} c3 {[%emt 0:03:26]} 19. fxe5 {[%emt 0:00:13]} cxb2 {[%emt 0:00:00]} 20. Rab1 {[%emt 0:03:43]} Bc3 {[%emt 0:02:01]} 21. Nc4 {[%emt 0:01:38]} f6 {[%emt 0:01:54]} 22. Rf3 {[%emt 0:02:05]} Bxe5 {[%emt 0:00:26]} 23. Nxe5 {[%emt 0:00:00]} fxe5 {[%emt 0:00:00]} 24. Rxf8+ {[%emt 0:00:00]} Kxf8 {[%emt 0:00:00]} 25. Rxb2 {[%emt 0:00:00]} 1-0

[Event "Klatov Bazar Besiny Cup 2018"]
[Site "Klatovy"]
[Date "2018.07.05"]
[Round "6"]
[White "Neuman, Petr"]
[Black "Simek, Petr"]
[Result "1-0"]
[WhiteElo "2432"]
[BlackElo "2354"]
[Annotator "ChessBase"]
[PlyCount "105"]
[EventDate "2018.07.01"]
[EventType "swiss"]
[EventCountry "CZE"]
[SourceTitle "playchess.com"]
[Source "ChessBase"]
[SourceQuality "1"]
[TimeControl "40/7200:0"]

1. c4 {[%emt 0:00:00]} f5 {[%emt 0:00:00]} 2. g3 {[%emt 0:00:00]} Nf6 {[%emt 0:00:00]} 3. Bg2 {[%emt 0:00:00]} d6 {[%emt 0:00:00]} 4. Nc3 {[%emt 0:00:00]} e5 {[%emt 0:03:05]} 5. d3 {[%emt 0:02:50]} Be7 {[%emt 0:09:12]} 6. e3 {[%emt 0:07:31]} O-O {[%emt 0:00:00]} 7. Nge2 {[%emt 0:00:00]} Nbd7 {[%emt 0:13:24]} 8. O-O {[%emt 0:01:07]} Qe8 {[%emt 0:00:05]} 9. f4 {[%emt 0:04:45]} Qh5 {[%emt 0:05:28]} 10. b3 {[%emt 0:17:11]} Re8 {[%emt 0:06:24]} 11. h3 {[%emt 0:05:47]} Bd8 {[%emt 0:24:50]} 12. Ba3 {[%emt 0:12:59]} Qg6 {[%emt 0:16:51]} 13. Kh1 {[%emt 0:07:45]} Kh8 {[%emt 0:03:55]} 14. e4 {[%emt 0:11:32]} exf4 {[%emt 0:13:16]} 15. exf5 {[%emt 0:00:17]} Qxf5 {[%emt 0:00:00]} 16. Nxf4 {[%emt 0:00:33]} Ne5 {[%emt 0:04:02]} 17. Nce2 {[%emt 0:19:28]} Ng6 {[%emt 0:03:44]} 18. Qd2 {[%emt 0:04:24]} Nxf4 {[%emt 0:00:15]} 19. Nxf4 {[%emt 0:00:00]} Qg5 {[%emt 0:00:36]} 20. Rae1 {[%emt 0:00:10]} Bd7 {[%emt 0:02:42]} 21. Rxe8+ {[%emt 0:02:37]} Bxe8 {[%emt 0:00:00]} 22. Qf2 {[%emt 0:01:47]} Bc6 {[%emt 0:00:07]} 23. Bxc6 {[%emt 0:01:47]} bxc6 {[%emt 0:00:00]} 24. Bb2 {[%emt 0:00:30]} Qf5 {[%emt 0:01:51]} 25. g4 {[%emt 0:00:43]} Qd7 {[%emt 0:00:53]} 26. Nh5 {[%emt 0:06:29]} Qe6 {[%emt 0:01:34]} 27. Nxf6 {[%emt 0:04:05]} Bxf6 {[%emt 0:00:00]} 28. Bxf6 {[%emt 0:00:00]} Qxf6 {[%emt 0:00:00]} 29. Qxf6 {[%emt 0:00:00]} gxf6 {[%emt 0:00:00]} 30. Rxf6 {[%emt 0:00:00]} Kg7 {[%emt 0:00:00]} 31. Rf5 {[%emt 0:00:00]} c5 {[%emt 0:00:00]} 32. Kg2 {[%emt 0:02:22]} a5 {[%emt 0:00:00]} 33. Rf2 {[%emt 0:00:00]} a4 {[%emt 0:03:01]} 34. bxa4 {[%emt 0:00:00]} Rxa4 {[%emt 0:00:00]} 35. Kf3 {[%emt 0:00:00]} c6 {[%emt 0:00:07]} 36. Ke3 {[%emt 0:00:00]} d5 {[%emt 0:03:34]} 37. Rc2 {[%emt 0:00:00]} Ra5 {[%emt 0:00:26]} 38. Kf4 {[%emt 0:00:00]} Ra3 {[%emt 0:00:02]} 39. Ke3 {[%emt 0:01:18]} Ra5 {[%emt 0:00:00]} 40. h4 {[%emt 0:00:00]} Kg6 {[%emt 0:00:00]} 41. Kf4 {[%emt 1:59:27]} Ra3 {[%emt 1:59:36]} 42. h5+ {[%emt 0:00:22]} Kf7 {[%emt 0:00:02]} 43. cxd5 {[%emt 0:01:12]} cxd5 {[%emt 0:00:00]} 44. Rxc5 {[%emt 0:00:00]} Rxd3 {[%emt 0:00:00]} 45. Kg5 {[%emt 0:00:00]} d4 {[%emt 0:00:00]} 46. Kh6 {[%emt 0:00:00]} Rg3 {[%emt 0:00:11]} 47. g5 {[%emt 0:00:00]} Rh3 {[%emt 0:00:05]} 48. Rd5 {[%emt 0:00:00]} d3 {[%emt 0:00:00]} 49. a4 {[%emt 0:00:00]} Ke6 {[%emt 0:00:00]} 50. Rd8 {[%emt 0:00:00]} Rh4 {[%emt 0:00:00]} 51. Rxd3 {[%emt 0:00:00]} Rxa4 {[%emt 0:00:00]} 52. Kxh7 {[%emt 0:00:00]} Kf5 {[%emt 0:00:00]} 53. g6 {[%emt 0:00:00]} 1-0

[Event "Klatov Bazar Besiny Cup 2018"]
[Site "Klatovy"]
[Date "2018.07.05"]
[Round "6"]
[White "Xu, XianLiang"]
[Black "Hollan, Martin"]
[Result "1/2-1/2"]
[WhiteElo "2430"]
[BlackElo "2341"]
[Annotator "NA"]
[PlyCount "32"]
[EventDate "2018.07.01"]
[EventType "swiss"]
[EventCountry "CZE"]
[SourceTitle "playchess.com"]
[Source "ChessBase"]
[SourceQuality "1"]
[TimeControl "40/7200:0"]

1. e4 {[%emt 0:00:00]} e5 {[%emt 0:01:14]} 2. f4 {[%emt 0:00:00]} exf4 {[%emt 0:02:41]} 3. Nf3 {[%emt 0:00:00]} d6 {[%emt 0:00:00]} 4. Bc4 {[%emt 0:00:00]} h6 {[%emt 0:01:18]} 5. d4 {[%emt 0:00:00]} g5 {[%emt 0:00:00]} 6. c3 {[%emt 0:05:47]} Bg7 {[%emt 0:01:53]} 7. Qb3 {[%emt 0:03:44]} Qe7 {[%emt 0:00:00]} 8. O-O {[%emt 0:01:10]} Nc6 {[%emt 0:08:03]} 9. h4 {[%emt 0:07:34]} g4 {[%emt 0:04:26]} 10. Nh2 {[%emt 0:05:36]} f3 {[%emt 0:02:18]} 11. Nxg4 {[%emt 0:09:23]} Nxd4 {[%emt 0:09:48]} 12. cxd4 {[%emt 0:00:10]} Bxg4 {[%emt 0:00:00]} 13. Be3 {[%emt 0:18:16]} fxg2 {[%emt 0:20:05]} 14. Bxf7+ {[%emt 0:03:39]} Kd8 {[%emt 0:00:00]} 15. Rf2 {[%emt 0:01:17]} Qxh4 {[%emt 0:04:24]} 16. Rxg2 {[%emt 0:00:20]} Qe1+ {[%emt 0:00:00]} 1/2-1/2

[Event "Klatov Bazar Besiny Cup 2018"]
[Site "Klatovy"]
[Date "2018.07.05"]
[Round "6"]
[White "Bures, Jaroslav"]
[Black "Kotal, Vaclav"]
[Result "1-0"]
[WhiteElo "2406"]
[BlackElo "2101"]
[Annotator "ChessBase"]
[PlyCount "119"]
[EventDate "2018.07.01"]
[EventType "swiss"]
[EventCountry "CZE"]
[SourceTitle "playchess.com"]
[Source "ChessBase"]
[SourceQuality "1"]
[TimeControl "40/7200:0"]

1. c4 {[%emt 0:00:00]} c6 {[%emt 0:00:44]} 2. e4 {[%emt 0:00:00]} d5 {[%emt 0:02:23]} 3. exd5 {[%emt 0:00:00]} cxd5 {[%emt 0:00:00]} 4. cxd5 {[%emt 0:00:00]} Nf6 {[%emt 0:00:04]} 5. Nc3 {[%emt 0:00:00]} Nxd5 {[%emt 0:00:35]} 6. Nf3 {[%emt 0:00:00]} Nc6 {[%emt 0:02:33]} 7. Bb5 {[%emt 0:00:00]} e6 {[%emt 0:07:16]} 8. O-O {[%emt 0:02:05]} Be7 {[%emt 0:00:26]} 9. d4 {[%emt 0:10:43]} O-O {[%emt 0:00:35]} 10. Re1 {[%emt 0:00:00]} Ncb4 {[%emt 0:11:27]} 11. Ne5 {[%emt 0:17:32]} Qc7 {[%emt 0:08:58]} 12. Qb3 {[%emt 0:07:28]} Rd8 {[%emt 0:16:13]} 13. Bc4 {[%emt 0:15:43]} Nxc3 {[%emt 0:14:11]} 14. bxc3 {[%emt 0:01:18]} b5 {[%emt 0:00:31]} 15. Bxb5 {[%emt 0:04:58]} Rb8 {[%emt 0:01:46]} 16. Qc4 {[%emt 0:11:39]} Qb6 {[%emt 0:12:10]} 17. Ba4 {[%emt 0:14:35]} Ba6 {[%emt 0:06:03]} 18. Qb3 {[%emt 0:00:00]} Nd3 {[%emt 0:00:27]} 19. Qxb6 {[%emt 0:02:49]} Rxb6 {[%emt 0:00:00]} 20. Nxd3 {[%emt 0:00:00]} Bxd3 {[%emt 0:00:00]} 21. Bb3 {[%emt 0:02:20]} Kf8 {[%emt 0:01:00]} 22. Re3 {[%emt 0:02:22]} Bg6 {[%emt 0:00:39]} 23. Re5 {[%emt 0:01:59]} Rc8 {[%emt 0:02:27]} 24. Ra5 {[%emt 0:00:00]} Rxc3 {[%emt 0:06:56]} 25. Rxa7 {[%emt 0:00:00]} Rc8 {[%emt 0:00:39]} 26. Be3 {[%emt 0:00:59]} Rbc6 {[%emt 0:04:49]} 27. d5 {[%emt 0:02:24]} exd5 {[%emt 0:00:17]} 28. Bxd5 {[%emt 0:00:00]} Rc2 {[%emt 0:00:24]} 29. a4 Bf6 {[%emt 0:00:00]} 30. Rd1 {[%emt 0:05:41]} Bd4 {[%emt 0:10:41]} 31. Ra8 {[%emt 0:00:00]} Rxa8 {[%emt 0:00:00]} 32. Bxa8 {[%emt 0:00:00]} Bxe3 {[%emt 0:00:00]} 33. fxe3 {[%emt 0:00:00]} Ra2 {[%emt 0:00:00]} 34. Rd4 {[%emt 0:00:00]} Bc2 {[%emt 0:00:00]} 35. Bc6 {[%emt 0:00:00]} Bb3 {[%emt 0:00:00]} 36. h4 {[%emt 0:00:00]} Ke7 {[%emt 0:01:02]} 37. Kh2 {[%emt 0:00:00]} Ke6 {[%emt 0:00:50]} 38. Kg3 {[%emt 0:01:31]} Ke5 {[%emt 0:00:42]} 39. Rb4 {[%emt 0:01:30]} Kd6 {[%emt 0:00:46]} 40. Rxb3 {[%emt 0:01:49]} Kxc6 {[%emt 0:00:00]} 41. Rb4 {[%emt 1:59:35]} Kd5 {[%emt 2:00:27]} 42. Rb7 {[%emt 0:03:35]} Ke6 {[%emt 0:00:00]} 43. Ra7 {[%emt 0:00:00]} h6 {[%emt 0:00:00]} 44. Kf3 {[%emt 0:00:00]} g5 {[%emt 0:00:08]} 45. Ra6+ {[%emt 0:00:00]} Kf5 {[%emt 0:00:40]} 46. g4+ {[%emt 0:00:39]} Ke5 {[%emt 0:00:00]} 47. h5 {[%emt 0:00:02]} f6 {[%emt 0:00:00]} 48. Ra5+ {[%emt 0:00:04]} Ke6 {[%emt 0:00:00]} 49. Ke4 {[%emt 0:00:02]} Rg2 {[%emt 0:00:00]} 50. Ra6+ {[%emt 0:00:00]} Kf7 {[%emt 0:00:00]} 51. Kf3 {[%emt 0:00:00]} Ra2 {[%emt 0:00:00]} 52. a5 {[%emt 0:00:00]} Ra4 {[%emt 0:00:00]} 53. Ra8 {[%emt 0:00:00]} Kg7 {[%emt 0:00:00]} 54. a6 {[%emt 0:00:00]} Kh7 {[%emt 0:00:00]} 55. e4 {[%emt 0:00:00]} Ra3+ {[%emt 0:00:00]} 56. Ke2 {[%emt 0:00:00]} Kg7 {[%emt 0:00:00]} 57. Ra7+ {[%emt 0:00:00]} Kg8 {[%emt 0:00:00]} 58. Kd2 {[%emt 0:00:00]} Kh8 {[%emt 0:00:00]} 59. Kc2 {[%emt 0:00:00]} Kg8 {[%emt 0:00:00]} 60. Kb2 {[%emt 0:00:00]} 1-0

[Event "Klatov Bazar Besiny Cup 2018"]
[Site "Klatovy"]
[Date "2018.07.05"]
[Round "6"]
[White "Straka, Vojtech"]
[Black "Pulpan, Jakub"]
[Result "1/2-1/2"]
[WhiteElo "2379"]
[BlackElo "2386"]
[Annotator "NA"]
[PlyCount "53"]
[EventDate "2018.07.01"]
[EventType "swiss"]
[EventCountry "CZE"]
[SourceTitle "playchess.com"]
[Source "ChessBase"]
[SourceQuality "1"]
[TimeControl "40/7200:0"]

1. d4 {[%emt 0:01:40]} Nf6 {[%emt 0:00:00]} 2. c4 {[%emt 0:00:00]} e6 {[%emt 0:00:00]} 3. Nc3 {[%emt 0:00:00]} Bb4 {[%emt 0:00:00]} 4. Qc2 {[%emt 0:00:00]} O-O {[%emt 0:00:00]} 5. a3 {[%emt 0:00:00]} Bxc3+ {[%emt 0:00:00]} 6. Qxc3 {[%emt 0:00:00]} d5 {[%emt 0:00:32]} 7. Bg5 {[%emt 0:01:13]} dxc4 {[%emt 0:00:00]} 8. Qxc4 {[%emt 0:00:00]} b6 {[%emt 0:00:40]} 9. Rd1 {[%emt 0:00:00]} Ba6 {[%emt 0:00:47]} 10. Qa4 {[%emt 0:00:00]} h6 {[%emt 0:04:15]} 11. Bh4 {[%emt 0:00:19]} Qe7 {[%emt 0:00:06]} 12. Nf3 {[%emt 0:00:00]} Rd8 {[%emt 0:00:51]} 13. Bxf6 {[%emt 0:00:18]} Qxf6 {[%emt 0:01:19]} 14. g3 {[%emt 0:00:00]} Bb7 {[%emt 0:04:03]} 15. Bg2 {[%emt 0:00:00]} Nd7 {[%emt 0:02:29]} 16. O-O {[%emt 0:08:36]} c5 {[%emt 0:03:02]} 17. Ne5 {[%emt 0:09:43]} Bxg2 {[%emt 0:13:30]} 18. Nxd7 {[%emt 0:00:37]} Qe7 {[%emt 0:00:11]} 19. Kxg2 {[%emt 0:00:00]} Rxd7 {[%emt 0:00:00]} 20. dxc5 {[%emt 0:00:00]} Rxd1 {[%emt 0:00:00]} 21. Rxd1 {[%emt 0:00:00]} Qxc5 {[%emt 0:00:00]} 22. Qe4 {[%emt 0:04:38]} Rc8 {[%emt 0:00:51]} 23. Rd7 {[%emt 0:00:56]} a5 {[%emt 0:05:20]} 24. Qf3 {[%emt 0:07:55]} Rf8 {[%emt 0:12:54]} 25. a4 {[%emt 0:06:33]} b5 {[%emt 0:03:49]} 26. axb5 {[%emt 0:00:27]} Qxb5 {[%emt 0:00:40]} 27. Rb7 {[%emt 0:00:00]} 1/2-1/2

[Event "Klatov Bazar Besiny Cup 2018"]
[Site "Klatovy"]
[Date "2018.07.05"]
[Round "6"]
[White "Hausner, Ivan"]
[Black "Mejzlik, Ondrej"]
[Result "1/2-1/2"]
[WhiteElo "2321"]
[BlackElo "2287"]
[Annotator "NA"]
[PlyCount "68"]
[EventDate "2018.07.01"]
[EventType "swiss"]
[EventCountry "CZE"]
[SourceTitle "playchess.com"]
[Source "ChessBase"]
[SourceQuality "1"]
[TimeControl "40/7200:0"]

1. c4 {[%emt 0:00:00]} e5 {[%emt 0:00:00]} 2. Nc3 {[%emt 0:00:00]} Nc6 {[%emt 0:00:00]} 3. Nf3 {[%emt 0:00:00]} g6 {[%emt 0:01:13]} 4. g3 {[%emt 0:00:00]} Bg7 {[%emt 0:00:00]} 5. Bg2 {[%emt 0:00:00]} d6 {[%emt 0:00:00]} 6. Rb1 {[%emt 0:00:00]} f5 {[%emt 0:00:50]} 7. d3 {[%emt 0:00:00]} Nf6 {[%emt 0:00:19]} 8. Bg5 {[%emt 0:00:00]} h6 {[%emt 0:00:44]} 9. Bxf6 {[%emt 0:00:00]} Bxf6 {[%emt 0:00:00]} 10. Nd2 {[%emt 0:00:00]} O-O {[%emt 0:00:00]} 11. Nd5 {[%emt 0:00:00]} Bg7 {[%emt 0:00:51]} 12. b4 {[%emt 0:00:00]} Nd4 {[%emt 0:02:58]} 13. e3 {[%emt 0:00:00]} Ne6 {[%emt 0:00:29]} 14. b5 {[%emt 0:00:00]} f4 {[%emt 0:12:19]} 15. Ne4 {[%emt 0:01:52]} fxe3 {[%emt 0:07:19]} 16. fxe3 {[%emt 0:00:00]} a6 {[%emt 0:03:05]} 17. b6 {[%emt 0:01:04]} c6 {[%emt 0:00:34]} 18. Ndc3 {[%emt 0:00:00]} Kh8 {[%emt 0:04:22]} 19. Nf2 {[%emt 0:04:48]} Nc5 {[%emt 0:04:18]} 20. O-O {[%emt 0:00:55]} Bf5 {[%emt 0:00:43]} 21. Nfe4 {[%emt 0:03:21]} Nxe4 {[%emt 0:05:20]} 22. Bxe4 {[%emt 0:00:18]} Qg5 {[%emt 0:00:43]} 23. Qd2 {[%emt 0:03:28]} Bd7 {[%emt 0:01:56]} 24. Bg2 {[%emt 0:02:00]} Qe7 {[%emt 0:10:30]} 25. a4 {[%emt 0:04:03]} Rxf1+ {[%emt 0:00:33]} 26. Rxf1 {[%emt 0:00:00]} a5 {[%emt 0:01:19]} 27. Be4 {[%emt 0:00:36]} Be8 {[%emt 0:00:09]} 28. Qe2 {[%emt 0:05:12]} Qe6 {[%emt 0:02:40]} 29. Bg2 {[%emt 0:00:40]} Ra6 {[%emt 0:00:38]} 30. Rb1 {[%emt 0:00:00]} Bf6 {[%emt 0:03:34]} 31. Ne4 {[%emt 0:06:07]} Be7 {[%emt 0:07:33]} 32. Qc2 {[%emt 0:05:27]} Ra8 {[%emt 0:28:52]} 33. Nf2 {[%emt 0:05:00]} Bg5 {[%emt 0:01:20]} 34. Bh3 {[%emt 0:01:00]} Qe7 {[%emt 0:00:00]} 1/2-1/2

[Event "Klatov Bazar Besiny Cup 2018"]
[Site "Klatovy"]
[Date "2018.07.05"]
[Round "6"]
[White "Vyprachticky, David"]
[Black "Krzyzanowski, Marcin"]
[Result "0-1"]
[WhiteElo "2301"]
[BlackElo "2473"]
[Annotator "ChessBase"]
[PlyCount "108"]
[EventDate "2018.07.01"]
[EventType "swiss"]
[EventCountry "CZE"]
[SourceTitle "playchess.com"]
[Source "ChessBase"]
[SourceQuality "1"]
[TimeControl "40/7200:0"]

1. d4 {[%emt 0:04:57]} Nf6 {[%emt 0:00:00]} 2. c4 {[%emt 0:00:00]} d6 {[%emt 0:00:00]} 3. Nf3 {[%emt 0:00:22]} g6 {[%emt 0:00:00]} 4. Nc3 {[%emt 0:00:00]} Bf5 {[%emt 0:00:00]} 5. h3 {[%emt 0:11:41]} h5 {[%emt 0:00:26]} 6. Bf4 {[%emt 0:01:15]} Bg7 {[%emt 0:01:23]} 7. e3 {[%emt 0:00:05]} Ne4 {[%emt 0:01:12]} 8. Nxe4 {[%emt 0:05:37]} Bxe4 {[%emt 0:00:00]} 9. Bd3 {[%emt 0:00:00]} Bxd3 {[%emt 0:00:22]} 10. Qxd3 {[%emt 0:00:26]} Nd7 {[%emt 0:00:24]} 11. O-O {[%emt 0:00:36]} O-O {[%emt 0:04:31]} 12. Rac1 {[%emt 0:08:59]} e5 {[%emt 0:04:30]} 13. dxe5 {[%emt 0:02:54]} dxe5 {[%emt 0:06:45]} 14. Bg5 {[%emt 0:05:11]} Qe8 {[%emt 0:02:18]} 15. Rfd1 {[%emt 0:04:50]} Nc5 {[%emt 0:06:11]} 16. Qd5 {[%emt 0:08:07]} Ne6 {[%emt 0:03:14]} 17. Bh4 {[%emt 0:02:31]} c6 {[%emt 0:00:24]} 18. Qd7 {[%emt 0:01:13]} e4 {[%emt 0:07:20]} 19. Ng5 {[%emt 0:01:50]} Qxd7 {[%emt 0:00:16]} 20. Rxd7 {[%emt 0:00:00]} Nc5 {[%emt 0:00:00]} 21. Rd6 {[%emt 0:14:54]} Be5 {[%emt 0:13:45]} 22. Bg3 {[%emt 0:00:20]} Bxd6 {[%emt 0:01:35]} 23. Bxd6 {[%emt 0:00:00]} Nd3 {[%emt 0:01:31]} 24. Rc3 {[%emt 0:00:00]} Rfe8 {[%emt 0:01:57]} 25. Nxe4 {[%emt 0:01:58]} Rxe4 {[%emt 0:00:50]} 26. Rxd3 {[%emt 0:00:00]} Rxc4 {[%emt 0:00:35]} 27. Be5 {[%emt 0:00:00]} Rc5 {[%emt 0:00:31]} 28. Bc3 {[%emt 0:00:00]} Rd5 {[%emt 0:02:10]} 29. Rxd5 {[%emt 0:01:21]} cxd5 {[%emt 0:00:00]} 30. Kf1 {[%emt 0:00:09]} Kf8 {[%emt 0:00:00]} 31. Ke2 {[%emt 0:00:11]} Ke7 {[%emt 0:00:00]} 32. Kd3 {[%emt 0:04:37]} Ke6 {[%emt 0:00:00]} 33. Bd4 {[%emt 0:01:06]} Rc8 {[%emt 0:00:00]} 34. Bc3 {[%emt 0:00:00]} b6 {[%emt 0:00:00]} 35. Bd2 {[%emt 0:00:00]} g5 {[%emt 0:00:00]} 36. Bc3 {[%emt 0:00:00]} Rc4 {[%emt 0:01:19]} 37. Bd2 {[%emt 0:00:50]} f6 {[%emt 0:00:30]} 38. Bc3 {[%emt 0:00:00]} b5 {[%emt 0:03:25]} 39. a3 {[%emt 0:00:08]} a6 {[%emt 0:00:30]} 40. Bd2 {[%emt 0:00:00]} f5 {[%emt 0:01:53]} 41. b3 {[%emt 2:03:57]} Rc8 {[%emt 2:10:36]} 42. Bc3 {[%emt 0:00:37]} Rg8 {[%emt 0:02:53]} 43. Be1 {[%emt 0:00:44]} f4 {[%emt 0:02:39]} 44. Bd2 {[%emt 0:01:43]} Kf5 {[%emt 0:00:26]} 45. Kd4 {[%emt 0:00:24]} Rc8 {[%emt 0:00:45]} 46. Kd3 {[%emt 0:00:00]} Rc6 {[%emt 0:00:40]} 47. exf4 {[%emt 0:01:18]} gxf4 {[%emt 0:00:00]} 48. g3 {[%emt 0:00:00]} fxg3 {[%emt 0:01:17]} 49. fxg3 {[%emt 0:00:00]} Rg6 {[%emt 0:00:00]} 50. Be1 {[%emt 0:00:00]} Ke6 {[%emt 0:00:00]} 51. Bf2 {[%emt 0:01:09]} Rf6 {[%emt 0:00:09]} 52. Ke2 {[%emt 0:00:37]} Ke5 {[%emt 0:00:00]} 53. Be3 {[%emt 0:01:19]} Ke4 {[%emt 0:00:00]} 54. g4 {[%emt 0:00:00]} Rf3 {[%emt 0:00:00]} 0-1

[Event "Klatov Bazar Besiny Cup 2018"]
[Site "Klatovy"]
[Date "2018.07.05"]
[Round "6"]
[White "Slovak, Kilian"]
[Black "Furman, Boris"]
[Result "1-0"]
[WhiteElo "2285"]
[BlackElo "2203"]
[Annotator "NA"]
[PlyCount "39"]
[EventDate "2018.07.01"]
[EventType "swiss"]
[EventCountry "CZE"]
[SourceTitle "playchess.com"]
[Source "ChessBase"]
[SourceQuality "1"]
[TimeControl "40/7200:0"]

1. e4 {[%emt 0:00:00]} c5 {[%emt 0:00:00]} 2. Nf3 {[%emt 0:00:00]} Nc6 {[%emt 0:00:00]} 3. d4 {[%emt 0:00:00]} cxd4 {[%emt 0:00:00]} 4. Nxd4 {[%emt 0:00:00]} Nf6 {[%emt 0:00:00]} 5. Nc3 {[%emt 0:00:00]} d6 {[%emt 0:00:00]} 6. Bg5 {[%emt 0:00:00]} e6 {[%emt 0:00:00]} 7. Qd2 {[%emt 0:00:00]} a6 {[%emt 0:00:00]} 8. O-O-O {[%emt 0:00:00]} Bd7 {[%emt 0:00:00]} 9. f4 {[%emt 0:00:00]} Be7 {[%emt 0:00:00]} 10. Nf3 {[%emt 0:00:00]} b5 {[%emt 0:00:00]} 11. Bxf6 {[%emt 0:00:00]} gxf6 {[%emt 0:00:00]} 12. Kb1 {[%emt 0:02:30]} h5 {[%emt 0:00:00]} 13. f5 {[%emt 0:12:36]} b4 {[%emt 0:00:43]} 14. fxe6 {[%emt 0:04:42]} fxe6 {[%emt 0:00:11]} 15. Ne2 {[%emt 0:00:00]} Qb6 {[%emt 0:05:06]} 16. Nf4 {[%emt 0:07:41]} Kf7 {[%emt 0:03:44]} 17. g3 {[%emt 0:11:37]} Qc5 {[%emt 0:09:41]} 18. Bh3 {[%emt 0:03:55]} a5 {[%emt 0:07:33]} 19. Rhf1 {[%emt 0:02:04]} Ne5 {[%emt 0:02:34]} 20. Ng5+ 1-0

[Event "Klatov Bazar Besiny Cup 2018"]
[Site "Klatovy"]
[Date "2018.07.05"]
[Round "6"]
[White "Formanek, Martin"]
[Black "Soural, Jan"]
[Result "1/2-1/2"]
[WhiteElo "2267"]
[BlackElo "2192"]
[Annotator "NA"]
[PlyCount "27"]
[EventDate "2018.07.01"]
[EventType "swiss"]
[EventCountry "CZE"]
[SourceTitle "playchess.com"]
[Source "ChessBase"]
[SourceQuality "1"]
[TimeControl "40/7200:0"]

1. e4 {[%emt 0:00:00]} e6 {[%emt 0:00:00]} 2. d4 {[%emt 0:00:00]} d5 {[%emt 0:00:00]} 3. Nc3 {[%emt 0:00:25]} dxe4 {[%emt 0:00:00]} 4. Nxe4 {[%emt 0:00:00]} Nd7 {[%emt 0:00:00]} 5. Nf3 {[%emt 0:01:09]} Ngf6 {[%emt 0:00:00]} 6. Nxf6+ {[%emt 0:01:03]} Nxf6 {[%emt 0:00:00]} 7. Be2 {[%emt 0:00:01]} c5 {[%emt 0:00:00]} 8. O-O {[%emt 0:00:16]} cxd4 {[%emt 0:04:39]} 9. Nxd4 {[%emt 0:01:21]} Bc5 {[%emt 0:04:14]} 10. Nb3 {[%emt 0:03:03]} Bd6 {[%emt 0:17:16]} 11. Bf3 {[%emt 0:09:46]} Qc7 {[%emt 0:15:04]} 12. g3 {[%emt 0:01:28]} O-O {[%emt 0:05:05]} 13. c4 {[%emt 0:01:45]} Bd7 {[%emt 0:23:07]} 14. c5 {[%emt 0:19:10]} 1/2-1/2